[Event "ODJM B 2024"]
[Site "Willingen GER"]
[Date "2024.05.20"]
[Round "3"]
[White "Reif, Karla"]
[Black "Borgmann, Simon"]
[Result "1/2-1/2"]
[Termination "normal"]
[Board "46"]
[WhiteElo "1701"]
[BlackElo "1683"]
[WhiteClock "00:20:04"]
[BlackClock "00:49:26"]
[PlyCount "42"]
[WhiteFideId "12971871"]
[BlackFideId "16234677"]
[EventCountry "GER"]
[EventRounds "9"]
[EventType "swiss"]
[EventDate "2024.05.18"]

1. b3 {[%clk 01:30:57]} {[%emt 00:00:03]} d5 {[%clk 01:29:01]} {[%emt
00:01:59]} 2. Bb2 {[%clk 01:31:12]} {[%emt 00:00:14]} e6 {[%clk 01:27:35]}
{[%emt 00:01:57]} 3. e3 {[%clk 01:30:49]} {[%emt 00:00:53]} Nf6 {[%clk
01:27:55]} {[%emt 00:00:10]} 4. Nf3 {[%clk 01:29:46]} {[%emt 00:01:32]} Nbd7
{[%clk 01:27:24]} {[%emt 00:01:02]} 5. c4 {[%clk 01:29:20]} {[%emt 00:00:56]}
c6 {[%clk 01:24:40]} {[%emt 00:03:14]} 6. cxd5 {[%clk 01:26:31]} {[%emt
00:03:20]} cxd5 {[%clk 01:24:00]} {[%emt 00:01:10]} 7. Bb5 {[%clk 01:26:11]}
{[%emt 00:00:49]} a6 {[%clk 01:24:11]} {[%emt 00:00:20]} 8. Bxd7+ {[%clk
01:25:32]} {[%emt 00:01:09]} Bxd7 {[%clk 01:23:54]} {[%emt 00:00:48]} 9. O-O
{[%clk 01:20:11]} {[%emt 00:05:51]} Bd6 {[%clk 01:23:13]} {[%emt 00:01:11]} 10.
Ne5 {[%clk 01:16:47]} {[%emt 00:03:53]} O-O {[%clk 01:15:07]} {[%emt 00:08:38]}
11. f4 {[%clk 01:04:20]} {[%emt 00:12:56]} Be7 {[%emt 00:31:06]} 12. Rf3 {[%clk
00:47:14]} Ne4 {[%clk 01:01:11]} {[%emt 00:01:25]} 13. d3 {[%clk 00:46:19]}
{[%emt 00:01:25]} Nd6 {[%clk 01:00:52]} {[%emt 00:00:50]} 14. Nxd7 {[%clk
00:42:17]} {[%emt 00:04:32]} Qxd7 {[%clk 01:01:01]} {[%emt 00:00:21]} 15. Nd2
{[%clk 00:41:15]} {[%emt 00:01:32]} Qd8 {[%clk 00:58:28]} {[%emt 00:03:03]} 16.
e4 {[%clk 00:39:04]} {[%emt 00:02:40]} dxe4 {[%clk 00:58:13]} {[%emt 00:00:46]}
17. dxe4 {[%clk 00:38:24]} {[%emt 00:01:11]} Qb6+ {[%clk 00:53:56]} {[%emt
00:04:47]} 18. Kh1 {[%clk 00:38:31]} {[%emt 00:00:22]} Rfd8 {[%clk 00:52:23]}
{[%emt 00:02:03]} 19. Qe2 {[%clk 00:34:36]} {[%emt 00:04:24]} Rac8 {[%clk
00:51:27]} {[%emt 00:01:26]} 20. Rg3 {[%clk 00:32:46]} {[%emt 00:02:20]} f6
{[%clk 00:49:31]} {[%emt 00:02:27]} 21. Qg4 {[%clk 00:20:04]} {[%emt 00:13:11]}
Ne8 {[%clk 00:49:26]} {[%emt 00:00:35]} 1/2-1/2

[Event "ODJM B 2024"]
[Site "Willingen GER"]
[Date "2024.05.20"]
[Round "3"]
[White "He, Saiqi"]
[Black "Kühne, Malin"]
[Result "1/2-1/2"]
[Termination "normal"]
[Board "47"]
[WhiteElo "1659"]
[BlackElo "1546"]
[WhiteClock "00:21:51"]
[BlackClock "00:38:35"]
[PlyCount "48"]
[WhiteFideId "16292723"]
[BlackFideId "34619747"]
[EventCountry "GER"]
[EventRounds "9"]
[EventType "swiss"]
[EventDate "2024.05.18"]

1. e4 {[%clk 01:30:58]} {[%emt 00:00:01]} c6 {[%clk 01:30:56]} {[%emt
00:00:05]} 2. d4 {[%clk 01:31:26]} {[%emt 00:00:02]} d5 {[%clk 01:31:21]}
{[%emt 00:00:05]} 3. exd5 {[%clk 01:31:51]} {[%emt 00:00:05]} cxd5 {[%clk
01:31:44]} {[%emt 00:00:06]} 4. Bd3 {[%clk 01:32:16]} {[%emt 00:00:05]} Nc6
{[%clk 01:32:09]} {[%emt 00:00:06]} 5. c3 {[%clk 01:32:42]} {[%emt 00:00:04]}
Qc7 {[%clk 01:32:25]} {[%emt 00:00:14]} 6. h3 {[%clk 01:32:53]} {[%emt
00:00:18]} e5 {[%clk 01:31:35]} {[%emt 00:01:20]} 7. dxe5 {[%clk 01:32:14]}
{[%emt 00:01:09]} Nxe5 {[%clk 01:31:55]} {[%emt 00:00:10]} 8. Bb5+ {[%clk
01:31:45]} {[%emt 00:01:00]} Bd7 {[%clk 01:30:44]} {[%emt 00:01:41]} 9. Bxd7+
{[%clk 01:30:21]} {[%emt 00:01:54]} Qxd7 {[%clk 01:30:01]} {[%emt 00:01:13]}
10. Nf3 {[%clk 01:26:23]} {[%emt 00:04:28]} Nc6 {[%clk 01:28:11]} {[%emt
00:02:20]} 11. O-O {[%clk 01:24:19]} {[%emt 00:02:34]} Nf6 {[%clk 01:26:47]}
{[%emt 00:01:54]} 12. Re1+ {[%clk 01:22:58]} {[%emt 00:01:50]} Be7 {[%clk
01:24:51]} {[%emt 00:02:26]} 13. Bf4 {[%clk 01:22:21]} {[%emt 00:01:06]} O-O
{[%clk 01:20:49]} {[%emt 00:04:34]} 14. Ne5 {[%clk 01:21:25]} {[%emt 00:01:26]}
Qd8 {[%clk 01:15:59]} {[%emt 00:05:16]} 15. Nd2 {[%clk 00:58:28]} {[%emt
00:23:30]} Re8 {[%clk 01:07:42]} {[%emt 00:08:48]} 16. Ndf3 {[%clk 00:58:34]}
{[%emt 00:00:24]} Bc5 {[%clk 00:58:42]} {[%emt 00:09:29]} 17. Nd3 {[%clk
00:30:06]} {[%emt 00:28:58]} Rxe1+ {[%clk 00:54:53]} {[%emt 00:04:19]} 18. Qxe1
{[%clk 00:30:22]} {[%emt 00:00:14]} Bb6 {[%clk 00:53:13]} {[%emt 00:02:10]} 19.
Nd2 {[%clk 00:24:50]} {[%emt 00:06:00]} Qe8 {[%clk 00:45:55]} {[%emt 00:07:50]}
20. Qxe8+ {[%clk 00:21:59]} {[%emt 00:03:22]} Rxe8 {[%clk 00:45:42]} {[%emt
00:00:42]} 21. Re1 {[%clk 00:21:20]} {[%emt 00:01:09]} Rxe1+ {[%clk 00:44:18]}
{[%emt 00:01:54]} 22. Nxe1 {[%emt 00:00:09]} Ne4 {[%clk 00:41:04]} {[%emt
00:03:42]} 23. Nxe4 {[%clk 00:21:52]} {[%emt 00:00:22]} dxe4 {[%clk 00:41:25]}
{[%emt 00:00:09]} 24. Kf1 {[%clk 00:21:51]} {[%emt 00:00:30]} f5 {[%clk
00:38:35]} {[%emt 00:03:19]} 1/2-1/2

[Event "ODJM B 2024"]
[Site "Willingen GER"]
[Date "2024.05.20"]
[Round "3"]
[White "Alugili, Yosef"]
[Black "Greiner, Jan Oluf"]
[Result "1-0"]
[Termination "normal"]
[Board "48"]
[WhiteElo "1744"]
[BlackElo "1634"]
[WhiteClock "00:01:35"]
[BlackClock "00:22:51"]
[PlyCount "83"]
[WhiteFideId "34635963"]
[BlackFideId "34632069"]
[EventCountry "GER"]
[EventRounds "9"]
[EventType "swiss"]
[EventDate "2024.05.18"]

1. e4 {[%clk 01:30:59]} e5 {[%clk 01:30:54]} {[%emt 00:00:06]} 2. Nf3 {[%clk
01:31:27]} {[%emt 00:00:03]} Nc6 {[%clk 01:31:20]} {[%emt 00:00:05]} 3. Bb5
{[%clk 01:31:54]} {[%emt 00:00:02]} Nf6 {[%clk 01:31:43]} {[%emt 00:00:08]} 4.
O-O {[%clk 01:32:20]} {[%emt 00:00:04]} d6 {[%clk 01:32:06]} {[%emt 00:00:06]}
5. Re1 {[%clk 01:32:42]} {[%emt 00:00:08]} Bd7 {[%clk 01:32:30]} {[%emt
00:00:06]} 6. c3 {[%clk 01:33:08]} {[%emt 00:00:04]} Be7 {[%clk 01:32:52]}
{[%emt 00:00:08]} 7. d4 {[%clk 01:33:36]} {[%emt 00:00:03]} exd4 {[%clk
01:33:11]} {[%emt 00:00:10]} 8. cxd4 {[%clk 01:34:03]} {[%emt 00:00:03]} O-O
{[%clk 01:32:52]} {[%emt 00:00:48]} 9. Nc3 {[%clk 01:34:30]} {[%emt 00:00:04]}
a6 {[%clk 01:33:16]} {[%emt 00:00:07]} 10. Bc4 {[%clk 01:34:29]} {[%emt
00:00:30]} h6 {[%clk 01:31:27]} {[%emt 00:02:17]} 11. Bd2 {[%clk 01:30:39]}
{[%emt 00:04:21]} Re8 {[%clk 01:31:49]} {[%emt 00:00:08]} 12. e5 {[%clk
01:30:15]} {[%emt 00:00:55]} dxe5 {[%clk 01:31:53]} {[%emt 00:00:26]} 13. dxe5
{[%clk 01:30:43]} {[%emt 00:00:01]} Nh7 {[%clk 01:31:43]} {[%emt 00:00:40]} 14.
e6 {[%clk 01:14:42]} {[%emt 00:16:31]} Bxe6 {[%clk 01:28:25]} {[%emt 00:03:48]}
15. Bxe6 {[%clk 01:12:42]} {[%emt 00:02:31]} fxe6 {[%clk 01:28:46]} {[%emt
00:00:07]} 16. Rxe6 {[%clk 01:12:59]} {[%emt 00:00:14]} Bf6 {[%clk 01:23:22]}
{[%emt 00:05:50]} 17. Qb3 {[%clk 01:06:45]} {[%emt 00:06:48]} Rxe6 {[%clk
01:23:35]} {[%emt 00:00:18]} 18. Qxe6+ {[%clk 01:07:07]} {[%emt 00:00:07]} Kh8
{[%clk 01:22:45]} {[%emt 00:01:19]} 19. Re1 {[%clk 00:57:59]} {[%emt 00:09:39]}
Ng5 {[%clk 01:18:52]} {[%emt 00:04:21]} 20. Nxg5 {[%clk 00:54:06]} {[%emt
00:04:26]} Bxg5 {[%clk 01:19:06]} {[%emt 00:00:15]} 21. Bxg5 {[%clk 00:53:53]}
{[%emt 00:00:44]} Qxg5 {[%clk 01:19:17]} {[%emt 00:00:19]} 22. Qd7 {[%clk
00:51:44]} {[%emt 00:02:35]} Ne5 {[%clk 01:06:28]} {[%emt 00:13:20]} 23. Qd5
{[%clk 00:37:41]} {[%emt 00:14:36]} Re8 {[%clk 01:04:58]} {[%emt 00:02:00]} 24.
Kf1 {[%clk 00:37:38]} {[%emt 00:00:34]} Qf6 {[%clk 00:29:24]} {[%emt 00:36:02]}
25. Qxb7 {[%clk 00:14:10]} {[%emt 00:23:59]} Qd6 {[%clk 00:28:04]} {[%emt
00:01:48]} 26. Qe4 {[%clk 00:13:02]} {[%emt 00:01:40]} Re7 {[%clk 00:27:25]}
{[%emt 00:01:08]} 27. Qd5 {[%clk 00:09:27]} {[%emt 00:04:04]} g5 {[%clk
00:23:40]} {[%emt 00:04:16]} 28. Qxd6 {[%clk 00:08:15]} {[%emt 00:01:42]} cxd6
{[%clk 00:24:00]} {[%emt 00:00:10]} 29. Rd1 {[%clk 00:06:18]} {[%emt 00:02:27]}
Rb7 {[%clk 00:23:15]} {[%emt 00:01:13]} 30. Rxd6 {[%clk 00:02:19]} {[%emt
00:04:31]} Rxb2 {[%clk 00:23:32]} {[%emt 00:00:13]} 31. Rxh6+ {[%clk 00:02:45]}
{[%emt 00:00:04]} Kg7 {[%clk 00:23:51]} {[%emt 00:00:10]} 32. Rxa6 {[%clk
00:01:00]} {[%emt 00:02:16]} Nd3 {[%clk 00:23:36]} {[%emt 00:00:45]} 33. Ne4
{[%clk 00:00:48]} {[%emt 00:00:42]} Rb1+ {[%clk 00:23:47]} {[%emt 00:00:19]}
34. Ke2 {[%clk 00:01:06]} {[%emt 00:00:10]} Nf4+ {[%clk 00:24:06]} {[%emt
00:00:13]} 35. Kf3 {[%clk 00:01:16]} {[%emt 00:00:14]} Rg1 {[%clk 00:22:18]}
{[%emt 00:02:23]} 36. g3 {[%clk 00:01:13]} {[%emt 00:00:33]} Rh1 {[%clk
00:21:29]} {[%emt 00:01:18]} 37. gxf4 {[%clk 00:01:16]} {[%emt 00:00:28]} gxf4
{[%clk 00:21:46]} {[%emt 00:00:13]} 38. Kxf4 {[%clk 00:01:36]} {[%emt
00:00:11]} Rxh2 {[%clk 00:22:05]} {[%emt 00:00:11]} 39. a4 {[%clk 00:01:57]}
{[%emt 00:00:09]} Rh4+ {[%clk 00:22:29]} {[%emt 00:00:05]} 40. Ke3 {[%clk
00:02:17]} {[%emt 00:00:07]} Rh3+ {[%clk 00:22:33]} {[%emt 00:00:30]} 41. f3
{[%clk 00:02:44]} {[%emt 00:00:03]} Rh1 {[%clk 00:22:51]} {[%emt 00:00:12]} 42.
a5 {[%clk 00:01:35]} {[%emt 00:01:39]} 1-0

[Event "ODJM B 2024"]
[Site "Willingen GER"]
[Date "2024.05.20"]
[Round "3"]
[White "Klemm, Julian"]
[Black "Jähnert, Jamie Mares"]
[Result "1/2-1/2"]
[Termination "normal"]
[Board "49"]
[WhiteElo "1408"]
[BlackElo "1503"]
[WhiteClock "00:36:10"]
[BlackClock "00:42:54"]
[PlyCount "56"]
[WhiteFideId "533001901"]
[BlackFideId "34609156"]
[EventCountry "GER"]
[EventRounds "9"]
[EventType "swiss"]
[EventDate "2024.05.18"]

1. e4 {[%clk 01:30:57]} {[%emt 00:00:04]} c6 {[%clk 01:30:56]} {[%emt
00:00:05]} 2. d4 {[%clk 01:31:19]} {[%emt 00:00:07]} d5 {[%clk 01:31:20]}
{[%emt 00:00:05]} 3. Nc3 {[%clk 01:31:42]} {[%emt 00:00:08]} dxe4 {[%clk
01:31:31]} {[%emt 00:00:19]} 4. Nxe4 {[%clk 01:32:03]} {[%emt 00:00:08]} Bf5
{[%clk 01:31:45]} {[%emt 00:00:17]} 5. Ng3 {[%clk 01:32:24]} {[%emt 00:00:09]}
Bg6 {[%clk 01:32:07]} {[%emt 00:00:08]} 6. h4 {[%clk 01:32:36]} {[%emt
00:00:17]} h6 {[%clk 01:32:25]} {[%emt 00:00:13]} 7. Nf3 {[%clk 01:32:57]}
{[%emt 00:00:09]} Nd7 {[%clk 01:32:23]} {[%emt 00:00:32]} 8. h5 {[%clk
01:33:18]} {[%emt 00:00:09]} Bh7 {[%clk 01:32:47]} {[%emt 00:00:07]} 9. Bd3
{[%clk 01:33:38]} {[%emt 00:00:09]} Bxd3 {[%clk 01:33:03]} {[%emt 00:00:13]}
10. Qxd3 {[%clk 01:34:03]} {[%emt 00:00:05]} Ngf6 {[%clk 01:33:18]} {[%emt
00:00:16]} 11. Be3 {[%clk 01:33:48]} {[%emt 00:00:44]} e6 {[%clk 01:33:24]}
{[%emt 00:00:24]} 12. O-O-O {[%clk 01:33:56]} {[%emt 00:00:21]} Qa5 {[%clk
01:32:05]} {[%emt 00:01:50]} 13. Kb1 {[%clk 01:33:39]} {[%emt 00:00:47]} O-O-O
{[%clk 01:32:17]} {[%emt 00:00:19]} 14. Qd2 {[%clk 01:31:17]} {[%emt 00:02:52]}
Qc7 {[%clk 01:28:22]} {[%emt 00:04:25]} 15. Bf4 {[%clk 01:24:59]} {[%emt
00:06:48]} Bd6 {[%clk 01:25:26]} {[%emt 00:03:26]} 16. Bxd6 {[%clk 01:25:20]}
{[%emt 00:00:09]} Qxd6 {[%clk 01:25:51]} {[%emt 00:00:05]} 17. Qe2 {[%clk
01:19:54]} {[%emt 00:05:56]} Rhe8 {[%clk 01:19:57]} {[%emt 00:06:23]} 18. Ne5
{[%clk 01:12:58]} {[%emt 00:07:26]} Qe7 {[%clk 01:20:18]} {[%emt 00:00:08]} 19.
Rd3 {[%clk 01:05:56]} {[%emt 00:07:33]} Nb6 {[%clk 01:15:23]} {[%emt 00:05:25]}
20. Ne4 {[%clk 00:58:57]} {[%emt 00:07:29]} Nxe4 {[%clk 01:09:48]} {[%emt
00:06:05]} 21. Qxe4 {[%clk 00:59:20]} {[%emt 00:00:08]} f6 {[%clk 01:06:58]}
{[%emt 00:03:20]} 22. Ng6 {[%clk 00:54:47]} {[%emt 00:05:02]} Qd6 {[%clk
01:04:26]} {[%emt 00:03:02]} 23. Re1 {[%clk 00:48:48]} {[%emt 00:06:29]} Nd7
{[%clk 00:56:10]} {[%emt 00:08:46]} 24. Nf4 {[%clk 00:42:14]} {[%emt 00:07:04]}
Nf8 {[%clk 00:49:20]} {[%emt 00:07:20]} 25. Ng6 {[%clk 00:39:40]} {[%emt
00:03:02]} Nd7 {[%clk 00:43:51]} {[%emt 00:06:01]} 26. Nf4 {[%clk 00:37:34]}
{[%emt 00:02:36]} Nf8 {[%clk 00:42:14]} {[%emt 00:02:07]} 27. Ng6 {[%clk
00:36:25]} {[%emt 00:01:39]} Nd7 {[%clk 00:42:32]} {[%emt 00:00:11]} 28. Nf4
{[%clk 00:36:10]} {[%emt 00:00:45]} Nf8 {[%clk 00:42:54]} {[%emt 00:00:08]}
1/2-1/2

[Event "ODJM B 2024"]
[Site "Willingen GER"]
[Date "2024.05.20"]
[Round "3"]
[White "Päpke, Aaron"]
[Black "Claussen, Alexander"]
[Result "0-1"]
[Termination "normal"]
[Board "50"]
[WhiteElo "1322"]
[BlackElo "1595"]
[WhiteClock "00:27:16"]
[BlackClock "00:26:20"]
[PlyCount "66"]
[WhiteFideId "34684930"]
[BlackFideId "16248910"]
[EventCountry "GER"]
[EventRounds "9"]
[EventType "swiss"]
[EventDate "2024.05.18"]

1. c4 {[%clk 01:30:58]} {[%emt 00:00:02]} e5 {[%clk 01:30:53]} {[%emt
00:00:07]} 2. g3 {[%clk 01:31:23]} {[%emt 00:00:05]} Nc6 {[%clk 01:31:18]}
{[%emt 00:00:05]} 3. Bg2 {[%clk 01:31:47]} {[%emt 00:00:06]} g6 {[%clk
01:31:41]} {[%emt 00:00:06]} 4. Nc3 {[%clk 01:31:15]} {[%emt 00:01:02]} Bg7
{[%clk 01:31:24]} {[%emt 00:00:48]} 5. e4 {[%clk 01:31:25]} {[%emt 00:00:20]}
d6 {[%clk 01:31:35]} {[%emt 00:00:20]} 6. Nge2 {[%clk 01:31:13]} {[%emt
00:00:40]} Nge7 {[%clk 01:29:16]} {[%emt 00:02:49]} 7. d3 {[%clk 01:31:33]}
{[%emt 00:00:10]} O-O {[%clk 01:28:19]} {[%emt 00:01:27]} 8. O-O {[%clk
01:31:58]} {[%emt 00:00:05]} f5 {[%clk 01:24:51]} {[%emt 00:03:59]} 9. Bg5
{[%clk 01:29:10]} {[%emt 00:03:17]} h6 {[%clk 01:23:54]} {[%emt 00:01:27]} 10.
Bxe7 {[%clk 01:29:08]} {[%emt 00:00:32]} Qxe7 {[%clk 01:24:03]} {[%emt
00:00:21]} 11. f4 {[%clk 01:29:18]} {[%emt 00:00:21]} Be6 {[%clk 01:23:41]}
{[%emt 00:00:52]} 12. exf5 {[%clk 01:20:11]} {[%emt 00:09:36]} gxf5 {[%clk
01:18:14]} {[%emt 00:05:58]} 13. a3 {[%clk 01:06:53]} {[%emt 00:13:47]} a5
{[%clk 01:08:04]} {[%emt 00:10:41]} 14. Bf3 {[%clk 01:00:24]} {[%emt 00:06:58]}
Qf7 {[%clk 01:04:55]} {[%emt 00:03:39]} 15. Nd5 {[%clk 00:52:15]} {[%emt
00:08:39]} Kh7 {[%clk 01:04:52]} {[%emt 00:00:34]} 16. Nec3 {[%clk 00:52:35]}
{[%emt 00:00:09]} Nd4 {[%clk 00:54:16]} {[%emt 00:11:06]} 17. Bh5 {[%clk
00:51:17]} {[%emt 00:01:47]} Qd7 {[%clk 00:53:53]} {[%emt 00:00:54]} 18. Ne2
{[%clk 00:49:44]} {[%emt 00:02:03]} Nc6 {[%clk 00:40:58]} {[%emt 00:13:25]} 19.
Nec3 {[%clk 00:46:40]} {[%emt 00:03:33]} Ne7 {[%clk 00:38:57]} {[%emt
00:02:32]} 20. Bf3 {[%clk 00:41:10]} {[%emt 00:06:00]} Rab8 {[%clk 00:37:14]}
{[%emt 00:02:14]} 21. fxe5 {[%clk 00:39:57]} {[%emt 00:01:42]} dxe5 {[%clk
00:36:20]} {[%emt 00:01:24]} 22. b4 {[%clk 00:33:53]} {[%emt 00:06:35]} c6
{[%clk 00:35:54]} {[%emt 00:00:56]} 23. Nxe7 {[%clk 00:33:12]} {[%emt
00:01:10]} Qd4+ {[%clk 00:33:04]} {[%emt 00:03:21]} 24. Kh1 {[%clk 00:31:54]}
{[%emt 00:01:48]} Qxc3 {[%clk 00:32:36]} {[%emt 00:00:58]} 25. Bh5 {[%clk
00:30:22]} {[%emt 00:02:02]} Rf6 {[%clk 00:32:12]} {[%emt 00:00:55]} 26. g4
{[%clk 00:28:43]} {[%emt 00:02:09]} Rbf8 {[%clk 00:26:57]} {[%emt 00:05:45]}
27. gxf5 {[%clk 00:27:32]} {[%emt 00:01:41]} Bxf5 {[%clk 00:26:23]} {[%emt
00:01:04]} 28. Nxf5 {[%clk 00:27:47]} {[%emt 00:00:15]} Rxf5 {[%clk 00:26:44]}
{[%emt 00:00:09]} 29. Rxf5 {[%clk 00:28:03]} {[%emt 00:00:13]} Rxf5 {[%clk
00:26:41]} {[%emt 00:00:33]} 30. Qg1 {[%clk 00:27:32]} {[%emt 00:01:01]} Rxh5
{[%clk 00:26:47]} {[%emt 00:00:24]} 31. Rf1 {[%clk 00:27:08]} {[%emt 00:00:54]}
Qxd3 {[%clk 00:26:10]} {[%emt 00:01:07]} 32. h3 {[%clk 00:26:51]} {[%emt
00:00:41]} Qxh3+ {[%clk 00:26:25]} {[%emt 00:00:21]} 33. Qh2 {[%clk 00:27:16]}
{[%emt 00:00:05]} Qxh2# {[%clk 00:26:20]} {[%emt 00:00:03]} 0-1

[Event "ODJM B 2024"]
[Site "Willingen GER"]
[Date "2024.05.20"]
[Round "3"]
[White "Foos, Vanessa"]
[Black "Mlynarski, Milosz"]
[Result "0-1"]
[Termination "normal"]
[Board "51"]
[WhiteElo "1588"]
[BlackElo "1663"]
[WhiteClock "01:04:42"]
[BlackClock "00:24:13"]
[PlyCount "122"]
[WhiteFideId "16245270"]
[BlackFideId "34636854"]
[EventCountry "GER"]
[EventRounds "9"]
[EventType "swiss"]
[EventDate "2024.05.18"]

1. e4 {[%clk 01:30:58]} {[%emt 00:00:02]} e5 {[%clk 01:30:52]} {[%emt
00:00:09]} 2. Nf3 {[%clk 01:31:25]} {[%emt 00:00:03]} Nc6 {[%clk 01:31:08]}
{[%emt 00:00:14]} 3. Bc4 {[%clk 01:31:51]} {[%emt 00:00:04]} Bc5 {[%clk
01:30:39]} {[%emt 00:00:59]} 4. c3 {[%clk 01:31:49]} {[%emt 00:00:33]} Nf6
{[%clk 01:30:21]} {[%emt 00:00:47]} 5. d4 {[%clk 01:31:41]} {[%emt 00:00:38]}
exd4 {[%clk 01:30:30]} {[%emt 00:00:21]} 6. cxd4 {[%clk 01:32:06]} {[%emt
00:00:05]} Bb4+ {[%clk 01:30:45]} {[%emt 00:00:15]} 7. Bd2 {[%clk 01:32:03]}
{[%emt 00:00:33]} O-O {[%clk 01:28:09]} {[%emt 00:03:06]} 8. Bxb4 {[%clk
01:28:37]} {[%emt 00:03:57]} Nxb4 {[%clk 01:28:23]} {[%emt 00:00:15]} 9. Nc3
{[%clk 01:28:31]} {[%emt 00:00:36]} d5 {[%clk 01:24:24]} {[%emt 00:04:29]} 10.
exd5 {[%clk 01:13:20]} {[%emt 00:15:41]} Re8+ {[%clk 01:21:18]} {[%emt
00:03:36]} 11. Be2 {[%clk 01:11:08]} {[%emt 00:02:41]} Nbxd5 {[%clk 01:21:37]}
{[%emt 00:00:11]} 12. O-O {[%clk 01:10:22]} {[%emt 00:01:17]} Be6 {[%clk
01:02:13]} {[%emt 00:19:54]} 13. Ng5 {[%clk 01:06:18]} {[%emt 00:04:34]} Qe7
{[%clk 00:48:45]} {[%emt 00:13:58]} 14. Re1 {[%clk 01:01:57]} {[%emt 00:04:51]}
Nxc3 {[%clk 00:41:12]} {[%emt 00:08:04]} 15. bxc3 {[%clk 01:02:16]} {[%emt
00:00:10]} Nd5 {[%clk 00:41:35]} {[%emt 00:00:07]} 16. Nxe6 {[%clk 01:00:13]}
{[%emt 00:02:32]} Qxe6 {[%clk 00:38:36]} {[%emt 00:03:29]} 17. Qd2 {[%clk
00:52:00]} {[%emt 00:08:43]} Qc6 {[%clk 00:32:17]} {[%emt 00:06:50]} 18. c4
{[%clk 00:51:24]} {[%emt 00:01:06]} Nf6 {[%clk 00:30:36]} {[%emt 00:02:10]} 19.
Qc2 {[%clk 00:47:34]} {[%emt 00:04:21]} h6 {[%clk 00:26:16]} {[%emt 00:04:50]}
20. Bf3 {[%clk 00:45:37]} {[%emt 00:02:27]} Qb6 {[%clk 00:21:15]} {[%emt
00:05:30]} 21. c5 {[%clk 00:44:25]} {[%emt 00:01:43]} Qb4 {[%clk 00:20:24]}
{[%emt 00:01:21]} 22. Red1 {[%clk 00:42:04]} {[%emt 00:02:51]} Rad8 {[%clk
00:17:31]} {[%emt 00:03:23]} 23. Rab1 {[%clk 00:41:11]} {[%emt 00:01:24]} Qa5
{[%clk 00:17:25]} {[%emt 00:00:36]} 24. h3 {[%clk 00:38:40]} {[%emt 00:03:01]}
c6 {[%clk 00:12:54]} {[%emt 00:05:00]} 25. Rxb7 {[%clk 00:38:06]} {[%emt
00:01:04]} Re1+ {[%clk 00:13:11]} {[%emt 00:00:13]} 26. Rxe1 {[%clk 00:38:27]}
{[%emt 00:00:09]} Qxe1+ {[%clk 00:13:27]} {[%emt 00:00:14]} 27. Kh2 {[%clk
00:38:52]} {[%emt 00:00:05]} Rxd4 {[%clk 00:13:04]} {[%emt 00:00:54]} 28. Rb8+
{[%clk 00:39:16]} {[%emt 00:00:07]} Ne8 {[%clk 00:13:01]} {[%emt 00:00:32]} 29.
Qe2 {[%clk 00:38:00]} {[%emt 00:01:46]} Qxe2 {[%clk 00:09:34]} {[%emt
00:03:57]} 30. Bxe2 {[%clk 00:38:26]} {[%emt 00:00:04]} Re4 {[%clk 00:09:37]}
{[%emt 00:00:28]} 31. Bf3 {[%clk 00:38:42]} {[%emt 00:00:14]} Re6 {[%clk
00:09:58]} {[%emt 00:00:09]} 32. Bxc6 {[%clk 00:37:42]} {[%emt 00:01:30]} Rxc6
{[%clk 00:09:28]} {[%emt 00:00:59]} 33. Rxe8+ {[%clk 00:38:05]} {[%emt
00:00:07]} Kh7 {[%clk 00:09:57]} {[%emt 00:00:01]} 34. Re5 {[%clk 00:38:31]}
{[%emt 00:00:04]} f6 {[%clk 00:10:01]} {[%emt 00:00:26]} 35. Rd5 {[%clk
00:38:27]} {[%emt 00:00:34]} Ra6 {[%clk 00:08:51]} {[%emt 00:01:40]} 36. Rd2
{[%clk 00:38:21]} {[%emt 00:00:36]} Rc6 {[%clk 00:09:04]} {[%emt 00:00:17]} 37.
Rc2 {[%clk 00:38:44]} {[%emt 00:00:07]} Kg6 {[%clk 00:08:59]} {[%emt 00:00:35]}
38. Kg3 {[%clk 00:39:04]} {[%emt 00:00:10]} Kf5 {[%clk 00:09:14]} {[%emt
00:00:15]} 39. Kf3 {[%clk 00:38:01]} {[%emt 00:01:34]} Rc7 {[%clk 00:08:52]}
{[%emt 00:00:52]} 40. c6 {[%clk 00:37:18]} {[%emt 00:01:12]} Ke5 {[%clk
00:09:08]} {[%emt 00:00:13]} 41. Kg4 {[%clk 00:36:59]} {[%emt 00:00:49]} g6
{[%clk 00:08:59]} {[%emt 00:00:40]} 42. f4+ {[%clk 00:35:46]} {[%emt 00:01:43]}
Ke4 {[%clk 00:27:23]} {[%emt 00:12:06]} 43. h4 {[%clk 01:02:45]} {[%emt
00:03:31]} f5 {[%clk 00:26:19]} {[%emt 00:01:34]} 44. Kg3 {[%clk 01:02:54]}
{[%emt 00:00:22]} Kd5 {[%clk 00:25:53]} {[%emt 00:00:55]} 45. Kf3 {[%clk
01:03:06]} {[%emt 00:00:18]} Rxc6 {[%clk 00:25:29]} {[%emt 00:00:54]} 46. Rxc6
{[%clk 01:03:00]} {[%emt 00:00:36]} Kxc6 {[%clk 00:25:53]} {[%emt 00:00:06]}
47. g4 {[%clk 01:02:21]} {[%emt 00:01:10]} h5 {[%clk 00:26:14]} {[%emt
00:00:09]} 48. gxf5 {[%clk 01:02:07]} {[%emt 00:00:44]} gxf5 {[%clk 00:26:30]}
{[%emt 00:00:14]} 49. Ke3 {[%clk 01:02:35]} {[%emt 00:00:01]} Kc5 {[%clk
00:26:13]} {[%emt 00:00:46]} 50. Kd3 {[%clk 01:02:53]} {[%emt 00:00:13]} Kd5
{[%clk 00:26:29]} {[%emt 00:00:14]} 51. Ke3 {[%clk 01:02:46]} {[%emt 00:00:38]}
Kc4 {[%clk 00:26:50]} {[%emt 00:00:08]} 52. a3 {[%clk 01:01:58]} {[%emt
00:01:18]} a6 {[%clk 00:27:04]} {[%emt 00:00:16]} 53. Kd2 {[%clk 01:01:52]}
{[%emt 00:00:36]} Kd4 {[%clk 00:23:50]} {[%emt 00:03:45]} 54. a4 {[%clk
01:02:00]} {[%emt 00:00:22]} a5 {[%clk 00:23:03]} {[%emt 00:01:16]} 55. Kc2
{[%clk 01:02:17]} {[%emt 00:00:14]} Ke4 {[%clk 00:23:23]} {[%emt 00:00:10]} 56.
Kc3 {[%clk 01:02:46]} Kxf4 {[%clk 00:23:32]} {[%emt 00:00:20]} 57. Kc4 {[%clk
01:02:57]} {[%emt 00:00:19]} Ke3 {[%clk 00:23:39]} {[%emt 00:00:23]} 58. Kb5
{[%clk 01:03:23]} {[%emt 00:00:05]} f4 {[%clk 00:24:00]} {[%emt 00:00:08]} 59.
Kxa5 {[%clk 01:03:52]} {[%emt 00:00:01]} f3 {[%clk 00:24:01]} {[%emt 00:00:29]}
60. Kb6 {[%clk 01:04:14]} {[%emt 00:00:08]} f2 {[%clk 00:23:58]} {[%emt
00:00:33]} 61. a5 {[%clk 01:04:42]} {[%emt 00:00:01]} f1=Q {[%clk 00:24:13]}
{[%emt 00:00:15]} 0-1